000 00375nam a22001457a 4500
003 OSt
005 20160727222351.0
008 160622b xxu||||| |||| 00| 0 eng d
040 _cTEST
100 _9395
_aDixon, F. W
245 _aThe Hardy Boys
_bThe shattered Halme
260 _aN.V Grossel & Dunlap
_c1973
300 _aThe Hardy Boys: The shattered Halmet
942 _2ddc
_cBK
999 _c323
_d323